| 000 | 00656nam a2200241Ia 4500 | ||
|---|---|---|---|
| 005 | 20260429112217.0 | ||
| 008 | 260429s9999||||xx |||||||||||||| ||und|| | ||
| 020 | _a9788119684960 | ||
| 041 | _aEnglish | ||
| 082 |
_a155.232 _bSHA |
||
| 100 | _aSharma, Kuldeep R. | ||
| 245 | 0 |
_aDark psychology and manipulation / _cKuldeep R. Sharma |
|
| 250 | _a1st ed. | ||
| 260 |
_aJaipur : _bBook Enclave, _c2025. |
||
| 300 | _ax, 274 p.; hb | ||
| 650 | _a Dark psychology | ||
| 650 | _a Developmental psychology | ||
| 650 | _a Individual psychology | ||
| 650 | _a Personality traits | ||
| 650 | _aPsychology | ||
| 700 | _a Verma, Subhash | ||
| 942 | _cTB | ||
| 999 |
_c52912 _d52912 |
||